Normal view MARC view

Entry Personal Name

Number of records used in: 2

001 - CONTROL NUMBER

  • control field: 1390

003 - CONTROL NUMBER IDENTIFIER

  • control field: TR-AnCHP

005 - DATE AND TIME OF LATEST TRANSACTION

  • control field: 20190110165446.0

008 - FIXED-LENGTH DATA ELEMENTS

  • fixed length control field: 1901101016n|cannaabn |n|d ||

040 ## - CATALOGING SOURCE

  • Original cataloging agency: TR-AnCHP

100 10 - HEADING--PERSONAL NAME

  • Personal name: Ergül, Teoman

670 ## - SOURCE DATA FOUND

  • Source citation: Ergül, Teoman.
  • Information found: Avukatlık Kanunuilgili kanun ve yönetmelikler ile belgelerYayına hazırlayanlar Teoman Ergül, Oya Günendi Yağan